भारतीय साहित्य के निर्माता: (Record no. 212657)

MARC details
000 -LEADER
fixed length control field 00791nam a22001817a 4500
005 - DATE AND TIME OF LATEST TRANSACTION
control field 20250728120332.0
010 ## - LCCN (DPL NO)
LC control number HIN-130017
020 ## - INTERNATIONAL STANDARD BOOK NUMBER
International Standard Book Number 9789355482600
Terms of availability 100.00
035 ## - SYSTEM CONTROL NUMBER
System control number HN-102363
037 ## - SOURCE OF ACQUISITION
Source of stock number/acquisition DBAD
100 ## - MAIN ENTRY--PERSONAL NAME
Personal name व्यास, दक्षा
245 ## - TITLE STATEMENT
Title भारतीय साहित्य के निर्माता:
Statement of responsibility, etc दक्षा व्यास
Remainder of title जयन्त पाठक/
250 ## - EDITION STATEMENT
Edition statement प्रथम
260 ## - PUBLICATION, DISTRIBUTION, ETC. (IMPRINT)
Place of publication, distribution, etc नई दिल्ली
Name of publisher, distributor, etc साहित्य अकादमी
Date of publication, distribution, etc 2024
270 ## - ADDRESS
Address रबिन्द्र भवन, 35, फेरोज़ेशाह रोड
City नई दिल्ली
300 ## - PHYSICAL DESCRIPTION
Extent 94 पृ.
Dimensions 22. सेमी (अजिल्द )
942 ## - ADDED ENTRY ELEMENTS (KOHA)
Source of classification or shelving scheme Dewey Decimal Classification
Item type Hindi Books
Classification part 921
Call number suffix व्यासद
Holdings
Withdrawn status Lost status Not for loan Collection code Home library Current library Date acquired Source of acquisition Cost, normal purchase price Full call number Barcode Copy number Cost, replacement price Koha item type
      Non-fiction Mobile Library Mobile Library 28/07/2025 DBAD 100.00 921 व्यासद HN-102363 1 100.00 Hindi Books

© Delhi Public Library
Hit Counter
free hit counter